The Twilight Saga: Complete Discography - Statistics

General Stats
  • This quiz has been taken 20 times
  • The average score is 37 of 80
Answer Stats
Album Song % Correct
Breaking Dawn - Part 1 A Thousand Years
88%
Twilight Bella's Lullaby
63%
Twilight Decode
63%
Eclipse Eclipse / All Yours
63%
Eclipse Heavy In Your Arms
63%
Twilight I Caught Myself
63%
Breaking Dawn - Part 1 It Will Rain
63%
Twilight Supermassive Black Hole
63%
Twilight Flightless Bird, American Mouth
56%
Eclipse Neutron Star Collision / Love Is Forever
56%
New Moon Rosyln
56%
Breaking Dawn - Part 1 Turning Page
56%
Breaking Dawn - Part 2 A Thousand Years Part 2
50%
New Moon A White Demon Love Song
50%
Breaking Dawn - Part 2 Bittersweet
50%
Eclipse Chop And Change
50%
Breaking Dawn - Part 2 Fire In The Water
50%
Twilight Full Moon
50%
New Moon I Belong To You
50%
Twilight Leave Out All The Rest
50%
Eclipse Let's Get Lost
50%
Breaking Dawn - Part 1 Love Will Take You
50%
New Moon Meet Me On The Equinox
50%
Eclipse My Love
50%
New Moon Possibility
50%
Eclipse Rolling In On A Burning Tire
50%
New Moon Satellite Heart
50%
Breaking Dawn - Part 2 The Forgotten
50%
Twilight Tremble For My Beloved
50%
Breaking Dawn - Part 2 Where I Come From
50%
Eclipse With You In My Head
50%
Breaking Dawn - Part 2 All I've Ever Needed
44%
Eclipse Atlas
44%
Breaking Dawn - Part 1 Cold
44%
Breaking Dawn - Part 2 Cover Your Tracks
44%
New Moon Done All Wrong
44%
Breaking Dawn - Part 1 Endtapes
44%
Breaking Dawn - Part 2 Everything And Nothing
44%
Twilight Eyes On Fire
44%
New Moon Friends
44%
Breaking Dawn - Part 1 From Now On
44%
Breaking Dawn - Part 2 Ghosts
44%
New Moon Hearing Damage
44%
Breaking Dawn - Part 2 Heart Of Stone
44%
Breaking Dawn - Part 1 I Didn't Mean It
44%
Eclipse Jacob's Theme
44%
Eclipse Jonathan Low
44%
Twilight (Bonus) Let Me Sign
44%
Breaking Dawn - Part 1 Lloverá / It's Going To Rain
44%
Breaking Dawn - Part 1 Love Death Birth
44%
New Moon Monsters
44%
Breaking Dawn - Part 1 Neighbors
44%
Twilight Never Think
44%
Breaking Dawn - Part 2 New For You
44%
New Moon New Moon / The Meadow
44%
Breaking Dawn - Part 1 Northern Lights
44%
New Moon No Sound But The Wind
44%
Eclipse Ours
44%
Breaking Dawn - Part 1 Requiem On Water
44%
New Moon Shooting The Moon
44%
Breaking Dawn - Part 1 Sister Rosetta
44%
New Moon Slow Life
44%
Breaking Dawn - Part 2 Speak Up
44%
Twilight Spotlight
44%
Breaking Dawn - Part 2 The Antidote
44%
Eclipse (Bonus) The Line
44%
New Moon The Violet Hour
44%
Eclipse What Part Of Forever
44%
Twilight (Bonus) 15 Step
38%
Twilight Go All The Way / Into The Twilight
38%
Eclipse (Bonus) How Can You Swallow So Much Sleep
38%
Eclipse Life On Earth
38%
Breaking Dawn - Part 1 (Bonus) Like A Drug
38%
Eclipse Million Miles An Hour
38%
Breaking Dawn - Part 2 More Than My Own Life
38%
Eclipse (Bonus) Don't You Mourn The Sun
31%
Eclipse (Bonus) Edge Of My Dreams
31%
Eclipse (Bonus) Eternal To You
31%
Eclipse (Bonus) Magic And Desire
31%
Twilight (Bonus) Love Is Worth The Fall
25%
No matching quizzes found
Score Distribution
Percent of People with Each Score
Percentile by Number Answered
Your Score History
You have not taken this quiz